Accelerated Knowledge Exchange in Times of Crisis – Lessons from COVID-19 Pandemic
Spojenie vedeckých, sociálnych a ekonomických spoločenstiev, na posilnenie kolektívnej odozvy v boji proti pandémii COVID-19. Význam kolektívnej a kolaboratívnej vedeckej reakcie proti protekcionistickému výskumu s využitím globálnych vedeckých zdrojov. Získané poznatky zo zrýchleného zdieľania ved...
Gespeichert in:
| 1. Verfasser: | |
|---|---|
| Format: | Buchkapitel |
| Sprache: | Englisch |
| Schlagworte: | |
| Tags: |
Keine Tags, Fügen Sie das erste Tag hinzu!
|
MARC
| LEADER | 00000naa$a2200000$$$4500 | ||
|---|---|---|---|
| 001 | 0283393 | ||
| 005 | 20240502083911.8 | ||
| 041 | 0 | |a eng | |
| 044 | |a DE | ||
| 245 | 1 | 0 | |a Accelerated Knowledge Exchange in Times of Crisis – Lessons from COVID-19 Pandemic |c Neha Jain |
| 520 | |a Spojenie vedeckých, sociálnych a ekonomických spoločenstiev, na posilnenie kolektívnej odozvy v boji proti pandémii COVID-19. Význam kolektívnej a kolaboratívnej vedeckej reakcie proti protekcionistickému výskumu s využitím globálnych vedeckých zdrojov. Získané poznatky zo zrýchleného zdieľania vedomostí počas pandémie COVID-19 môžu byť užitočné pri riešení výziev budúcnosti na globálnej úrovni. | ||
| 610 | 2 | 0 | |a vedomosti |
| 610 | 2 | 0 | |a manažment znalostný |
| 610 | 2 | 0 | |a pandémia |
| 610 | 2 | 0 | |a koronakríza |
| 610 | 2 | 0 | |a koronavírus |
| 610 | 2 | 0 | |a informácie |
| 610 | 2 | 0 | |a transfer technológie |
| 100 | 1 | |a Jain, Neha, 1985- | |